000 01048nam a22002897a 4500
001 2867
003 FISKH
005 20240119112432.0
008 240119b cb ||||| |||| 00| 0 eng d
020 _a9781877435560
040 _beng
_cFISKH
_aFISKH
_dFISKH
050 _aPZ7
082 _a428.6
100 _aHolden, Pam
245 _aReptiles /
_cHolden, Pam
250 _aFirst published in 2008
260 _aNew Zeland :
_bRed Pocket Readers,
_c2008
300 _a16 pages :
_bcolor illustrations ;
_c21 cm
490 _aRed Rocket Readers
505 _aS
520 _aReptiles are a very old group of animals that have been on Earth from the time of the most famous reptiles, dinosaurs. Which reptiles are living nowadays? Do you know how they are different from mammals, or birds, or fish, or insects? Read to find out some more facts about reptiles.
521 8 _a810
_bLexile
521 8 _aS
_bRaz-Plus
650 _2Animals Species
_vJuvenile Literature
651 _aScience
_vNonfiction
942 _2ddc
_cBK
_n0
999 _c2867
_d2867